Miami 2017 - Billy Joel - Lyrics - Statistics

General Stats
  • This quiz has been taken 36 times
  • The average score is 191 of 249
Answer Stats
Lyrics % Correct
Broadway
100%
I
100%
lights
100%
on
100%
out
100%
the
100%
The
100%
go
96%
I've
96%
saw
96%
see
96%
seen
96%
Empire
88%
low
88%
State
88%
down
83%
in
83%
To
83%
a
79%
before
79%
Before
79%
Florida
79%
here
79%
They
79%
way
79%
We
79%
we
79%
went
79%
all
75%
And
75%
are
75%
bridges
75%
But
75%
for
75%
handful
75%
island
75%
lived
75%
many
75%
no
75%
not
75%
remember
75%
say
75%
show
75%
still
75%
survive
75%
that
75%
there
75%
There
75%
up
75%
was
75%
watch
75%
were
75%
who
75%
Yankees
75%
You
75%
ago
71%
alive
71%
at
71%
blow
71%
Brooklyn
71%
Civil
71%
free
71%
it
71%
It
71%
keep
71%
know
71%
laid
71%
long
71%
Mafia
71%
Manhattan
71%
memory
71%
Mexico
71%
one
71%
over
71%
Queens
71%
right
71%
said
71%
sea,
71%
so
71%
Spanish
71%
street
71%
tell
71%
time
71%
took
71%
War
71%
with
71%
years
71%
42nd
67%
about
67%
always
67%
away
67%
blew
67%
bought
67%
Bronx
67%
burned
67%
Cadillacs
67%
cared
67%
concert
67%
could
67%
fall
67%
flames
67%
Harlem
67%
held
67%
Like
67%
my
67%
our
67%
really
67%
sank
67%
stay
67%
world
67%
almost
63%
beyond
63%
churches
63%
everywhere
63%
feet
63%
left
63%
life
63%
mighty
63%
never
63%
Norfolk
63%
power
63%
ruins
63%
those
63%
turned
63%
watched
63%
bright
58%
didn't
58%
drove
58%
from
58%
Oh,
58%
oh,
58%
oh
58%
skyline
58%
strike
58%
union
58%
us
58%
carrier
54%
Palisades
54%
picked
54%
sailed
54%
underground
54%
waiting
54%
Battery
50%
notice
50%
sent
50%
We'd
42%
boats
38%
lie
38%
rats
21%
No matching quizzes found
Score Distribution
Percent of People with Each Score
Percentile by Number Answered
Your Score History
You have not taken this quiz